<?xml version="1.0" encoding="UTF-8"?>
<collection xmlns:xsi="http://www.w3.org/2001/XMLSchema-instance" xsi:schemaLocation="http://www.loc.gov/MARC21/slim http://www.loc.gov/standards/marcxml/schema/MARC21slim.xsd" xmlns="http://www.loc.gov/MARC21/slim">
 <record>
  <leader>00000ctm a22000003a 4500</leader>
  <controlfield tag="001">UP-99796217608852900</controlfield>
  <controlfield tag="003">Buklod</controlfield>
  <controlfield tag="005">20090602094700.0</controlfield>
  <controlfield tag="006">a     r    |||| u|</controlfield>
  <controlfield tag="007">ta</controlfield>
  <controlfield tag="008">090602s        xx     d     r    |||| u|</controlfield>
  <datafield tag="035" ind1=" " ind2=" ">
   <subfield code="a">(iLib)UPD-00093597428</subfield>
  </datafield>
  <datafield tag="040" ind1=" " ind2=" ">
   <subfield code="a">DCHE</subfield>
  </datafield>
  <datafield tag="041" ind1=" " ind2=" ">
   <subfield code="a">eng</subfield>
  </datafield>
  <datafield tag="090" ind1=" " ind2=" ">
   <subfield code="a">LG 993.5 2009 I58</subfield>
   <subfield code="b">C67</subfield>
  </datafield>
  <datafield tag="100" ind1="1" ind2=" ">
   <subfield code="a">Corpuz, Emerald O.</subfield>
  </datafield>
  <datafield tag="245" ind1="1" ind2="2">
   <subfield code="a">A study on the application of biomimicry to Philippine furniture design</subfield>
   <subfield code="c">Emerald O. Corpuz ; Lorena M. Buencamino, adviser.</subfield>
  </datafield>
  <datafield tag="264" ind1=" " ind2="1">
   <subfield code="a">2009.</subfield>
  </datafield>
  <datafield tag="300" ind1=" " ind2=" ">
   <subfield code="a">61 leaves</subfield>
   <subfield code="b">col. ill.</subfield>
   <subfield code="e">1 CD ROM</subfield>
  </datafield>
  <datafield tag="500" ind1=" " ind2=" ">
   <subfield code="a">Thesis (BS Interior Design)--University of the Philippines Diliman.</subfield>
  </datafield>
  <datafield tag="520" ind1=" " ind2=" ">
   <subfield code="a">This study defined Biomimicry and identified its application for use on selected Filipino furniture pieces. The content analysis method was used to examine six seating furniture pieces, which applied or possessed characteristics of Biomimicry. A purposive sampling method was utilized in determining four Filipino designers, namely Kenneth Cobonpue, Ann Pamintuan, Val Padilla, and Tony Gonzalez. They were selected precisely because they designed furniture pieces adhering to some principles of Biomimicry such as the use of forms inspired by natural shapes, the incorporation of the organic style, the application of natural and indigenous materials, and the utilization of efficient and environment-friendly construction methods. The results revealed that Biomimicry is a science wherein nature is emulated in order to produce various design solutions and applications. Furthermore, the six furniture pieces encapsulate the principles of Biomimicry, whether it may be through form, style, the materials used, or the construction methods utilized. The Noodle Sofa with Platform was attributed to a bird's nest, the Yoda Modular Sofa with grass and wheat stalks, the Lotus Leaf Lounge with a lotus leaf, the Cocoon Chair with a cocoon, the Canberra Lounge Chair with a mollusk shell, the Adam and Eve Chair with an apple and a bird's nest. The principal conclusion was that Biomimicry is a significant discipline that offers unique sources of inspiration and techniques of managing human problems to further enhance life through design. The learnings from this study provide knowledge and design inspiration for Interior Design subjects such as ID 20, ID 116, ID 121, ID 131, ID 141, and ID 151.</subfield>
  </datafield>
  <datafield tag="650" ind1=" " ind2="0">
   <subfield code="a">Furniture design</subfield>
   <subfield code="z">Philippines.</subfield>
  </datafield>
  <datafield tag="700" ind1="1" ind2=" ">
   <subfield code="a">Buencamino, Lorena M.</subfield>
  </datafield>
  <datafield tag="905" ind1=" " ind2=" ">
   <subfield code="a">FI</subfield>
  </datafield>
  <datafield tag="950" ind1=" " ind2=" ">
   <subfield code="a">Thesis</subfield>
  </datafield>
  <datafield tag="852" ind1="0" ind2=" ">
   <subfield code="a">UPD</subfield>
   <subfield code="b">DCHE</subfield>
   <subfield code="h">LG 993.5 2009 I58</subfield>
   <subfield code="i">C67</subfield>
  </datafield>
  <datafield tag="942" ind1=" " ind2=" ">
   <subfield code="a">Thesis</subfield>
  </datafield>
 </record>
</collection>
